Attitude of teachers and students toward and school social work programme (Record no. 1456161)

MARC details
000 -LEADER
fixed length control field 00564nam a2200169Ia 4500
005 - DATE AND TIME OF LATEST TRANSACTION
control field 20250923145826.0
008 - FIXED-LENGTH DATA ELEMENTS--GENERAL INFORMATION
fixed length control field 008 250917s9999 xx 000 0 eng d
037 ## - SOURCE OF ACQUISITION
Stock number Textual
040 ## - CATALOGING SOURCE
Original cataloging agency DSWL
Language of cataloging eng
Transcribing agency DSWL
041 ## - LANGUAGE CODE
Language code of text/sound track or separate title eng
Source of code eng
084 ## - COLON CLASSIFICATION NUMBER
Classification number T2:3(YX)'N89t4, N90
Assigning agency DSWL
100 ## - MAIN ENTRY--PERSONAL NAME
Personal name Kumar, Manju Lata
9 (RLIN) 839316
245 #0 - TITLE STATEMENT
Title Attitude of teachers and students toward and school social work programme
Statement of responsibility, etc. by Manju Lata Kumar
260 ## - PUBLICATION, DISTRIBUTION, ETC.
Place of publication, distribution, etc. Delhi
Name of publisher, distributor, etc. Deptt. of Social work
Date of publication, distribution, etc. 1989
942 ## - ADDED ENTRY ELEMENTS (KOHA)
Koha item type Textual
Classification part T2:3(YX)'N89t4, N90
Holdings
Withdrawn status Lost status Damaged status Not for loan Home library Current library Date acquired Total Checkouts Full call number Barcode Date last seen Price effective from Koha item type
        Department of Social Work Library Department of Social Work Library 2025-09-23   T2:3(YX)'N89t4, N90 SW0023997 2025-09-23 2025-09-23 Textual
Copyright @ Delhi University Library System